|
|
|
|
| LEADER |
01762nam a2200409 a 4500 |
| 001 |
000471884 |
| 003 |
CZ BrMZK |
| 005 |
20181116124715.0 |
| 007 |
ta |
| 008 |
981116s1957 xr g f cze d |
| 015 |
|
|
|a cnb000727002
|
| 035 |
|
|
|a (OCoLC)85459412
|
| 040 |
|
|
|a BOA001
|b cze
|
| 043 |
|
|
|a e-xr---
|b e-xr-jm
|2 czenas
|b e-xr-mr
|
| 072 |
|
7 |
|a 913(437)
|x Geografie Česka a Slovenska, reálie, cestování
|2 Konspekt
|9 7
|
| 080 |
|
|
|a 913(437.322)
|2 MRF
|
| 080 |
|
|
|a 913(437.32-191.2)
|2 MRF
|
| 080 |
|
|
|a (036)913
|2 MRF
|
| 100 |
1 |
|
|a Vahala, Miroslav
|7 jk01141102
|4 aut
|
| 245 |
1 |
0 |
|a Blanensko a Vyškovsko :
|b Moravský kras /
|c Miroslav Vahala ; Spoluprac. Josef Přidal, Vladimír Panoš, Nina Dvořáková a Alena Vahalová ; Fot. Rudolf Smahel, Marie Ševčíková
|
| 250 |
|
|
|a 1. vyd.
|
| 260 |
|
|
|a Praha :
|b Sportovní a turistické nakladatelství,
|c 1957
|
| 300 |
|
|
|a 131, [2] s. :
|b [12] s. obr. příl. [4] s. mp. ;
|c 8°
|
| 490 |
1 |
|
|a Oblastní turistický průvodce ;
|v Čís. 34
|
| 500 |
|
|
|a 7250 výt.
|
| 500 |
|
|
|a Místní rejstřík
|
| 500 |
|
|
|a Přehl. použité lit.
|
| 651 |
|
7 |
|a Blansko (Česko : oblast)
|7 ge128768
|2 czenas
|
| 651 |
|
7 |
|a Moravský kras (Česko)
|7 ge130097
|2 czenas
|
| 651 |
|
7 |
|a Vyškov (Česko : oblast)
|7 ge131362
|2 czenas
|
| 655 |
|
7 |
|a turistické průvodce
|7 fd133738
|2 czenas
|
| 830 |
|
0 |
|a Oblastní turistický průvodce
|
| 856 |
4 |
1 |
|u http://www.digitalniknihovna.cz/mzk/uuid/uuid:3082d3f0-8a60-11e2-8593-005056827e52
|y Digitalizovaný dokument
|x NDK
|
| 910 |
|
|
|a BOA001
|b 1-0385.234
|
| 990 |
|
|
|a BK
|
| 996 |
6 |
|
|b 2619732720
|c 1-0385.234
|l MZK
|r Sklad / do 1 hodiny
|n 15
|w 000471884
|u 000020
|a 1
|e BOA001
|j MZK50
|s P
|
| 996 |
7 |
|
|b 2619755161
|c 1-0385.234
|l MZK
|r Sklad / do 1 hodiny
|n 36
|w 000471884
|u 000010
|a 1
|e BOA001
|j MZK50
|s A
|